Reed's Naval architecture for marine engineers (Record no. 66833)

000 -LEADER
fixed length control field 00474nam a22001817a 4500
003 - CONTROL NUMBER IDENTIFIER
control field NUST-PNEC
005 - DATE AND TIME OF LATEST TRANSACTION
control field 20170116181005.0
008 - FIXED-LENGTH DATA ELEMENTS--GENERAL INFORMATION
fixed length control field 140710b xxu||||| |||| 00| 0 eng d
040 ## - CATALOGING SOURCE
Transcribing agency PNEC
082 ## - DEWEY DECIMAL CLASSIFICATION NUMBER
Classification number 623.81 STO
100 ## - MAIN ENTRY--PERSONAL NAME
9 (RLIN) 141
Personal name Stokoe, E.A.
245 ## - TITLE STATEMENT
Title Reed's Naval architecture for marine engineers
Statement of responsibility, etc. E.A. Stokoe
250 ## - EDITION STATEMENT
Edition statement 1963
260 ## - PUBLICATION, DISTRIBUTION, ETC.
Place of publication, distribution, etc. London
Name of publisher, distributor, etc. Thomos and company
Date of publication, distribution, etc. c.1975
300 ## - PHYSICAL DESCRIPTION
Extent 377p. :
Other physical details ill. :
Dimensions 20 cm.
650 ## - SUBJECT ADDED ENTRY--TOPICAL TERM
General subdivision ME/MIS
942 ## - ADDED ENTRY ELEMENTS (KOHA)
Source of classification or shelving scheme
Koha item type Book
Holdings
Withdrawn status Lost status Source of classification or shelving scheme Damaged status Not for loan Permanent Location Current Location Shelving location Date acquired Total Checkouts Full call number Barcode Date last seen Price effective from Koha item type
          Pakistan Navy Engineering College (PNEC) Pakistan Navy Engineering College (PNEC)       623.81 STO PNECLIB-011163 09/12/2015   Book
          Pakistan Navy Engineering College (PNEC) Pakistan Navy Engineering College (PNEC)   01/05/2016   623.81 STO PNECLIB-008451 01/05/2016   Book
© 2023 Central Library, National University of Sciences and Technology. All Rights Reserved.